[Event "Montreal Mercredi 11"]
[Site "Montreal CAN"]
[Date "2012.12.03"]
[Round "5"]
[White "Millette, Sylvain"]
[Black "Gauthier, Luc"]
[Result "1-0"]
[WhiteElo "1692"]
[BlackElo "1714"]
[PlyCount "91"]
[GameId "2160767909411501"]
[EventDate "2012.11.14"]
[EventType "swiss"]
[EventRounds "5"]
[EventCountry "CAN"]
[SourceTitle "EXT 2022"]
[Source "ChessBase"]
[SourceDate "2021.10.06"]
[SourceVersion "1"]
[SourceVersionDate "2021.10.06"]
[SourceQuality "1"]

1. Nf3 Nc6 2. d3 d5 3. g3 e5 4. Bg2 Nf6 5. O-O h6 6. c4 Be6 7. cxd5 Nxd5 8. b3 Qd7 9. Bb2 f6 10. Nbd2 Bh3 11. Nh4 Bxg2 12. Kxg2 g5 13. Ng6 Rg8 14. Nxf8 Kxf8 15. Ne4 Qg4 16. e3 Qxd1 17. Raxd1 Kf7 18. d4 Rad8 19. Rd2 exd4 20. Bxd4 Nxd4 21. Rxd4 f5 22. Nc5 b6 23. Rfd1 c6 24. Nd3 c5 25. Nxc5 Nxe3+ 26. fxe3 Rxd4 27. exd4 bxc5 28. dxc5 a5 29. c6 Rc8 30. Rc1 Ke6 31. c7 Kd6 32. Kf2 Rxc7 33. Rxc7 Kxc7 34. Ke3 Kc6 35. Kd4 Kd6 36. a3 h5 37. h4 f4 38. hxg5 fxg3 39. Ke3 Ke5 40. b4 h4 41. Kf3 axb4 42. axb4 Kf5 43. g6 Kxg6 44. b5 h3 45. Kxg3 Kf6 46. b6 1-0

[Event "Montreal Mercredi 11"]
[Site "Montreal CAN"]
[Date "2012.12.12"]
[Round "5"]
[White "Baran, Marius"]
[Black "Deshetres, Michel"]
[Result "1-0"]
[WhiteElo "1712"]
[BlackElo "1718"]
[PlyCount "91"]
[GameId "2160767909411502"]
[EventDate "2012.11.14"]
[EventType "swiss"]
[EventRounds "5"]
[EventCountry "CAN"]
[SourceTitle "EXT 2022"]
[Source "ChessBase"]
[SourceDate "2021.10.06"]
[SourceVersion "1"]
[SourceVersionDate "2021.10.06"]
[SourceQuality "1"]

1. d4 c5 2. d5 Nf6 3. c4 b5 4. e3 g6 5. Nf3 Bg7 6. Bd3 d6 7. O-O bxc4 8. Bxc4 O-O 9. Nc3 Nbd7 10. Qe2 Nb6 11. Nd2 Nxc4 12. Nxc4 Ba6 13. Bd2 Nd7 14. Rab1 Nb6 15. b3 e6 16. e4 exd5 17. Nxd5 Nxd5 18. exd5 Re8 19. Qf3 Bxc4 20. bxc4 Qf6 21. Qxf6 Bxf6 22. Rfe1 Be5 23. Rb7 Rab8 24. Reb1 Rxb7 25. Rxb7 a6 26. Kf1 Kg7 27. a4 h6 28. g3 g5 29. Rb6 Ra8 30. f4 gxf4 31. gxf4 Bd4 32. a5 Kg6 33. Rxd6+ Kh5 34. Ke2 f5 35. Kf3 Ba1 36. Rc6 Bd4 37. Be3 Re8 38. Bxd4 cxd4 39. Re6 Rxe6 40. dxe6 Kg6 41. Ke2 Kf6 42. Kd3 Kxe6 43. Kxd4 Kd6 44. c5+ Kc6 45. Ke5 Kxc5 46. Kxf5 1-0

[Event "Montreal Mercredi 11"]
[Site "Montreal CAN"]
[Date "2012.12.12"]
[Round "5"]
[White "Bergeron, Rene"]
[Black "Lacroix, Serge"]
[Result "1/2-1/2"]
[WhiteElo "1740"]
[BlackElo "1822"]
[PlyCount "142"]
[GameId "2160767909411503"]
[EventDate "2012.11.14"]
[EventType "swiss"]
[EventRounds "5"]
[EventCountry "CAN"]
[SourceTitle "EXT 2022"]
[Source "ChessBase"]
[SourceDate "2021.10.06"]
[SourceVersion "1"]
[SourceVersionDate "2021.10.06"]
[SourceQuality "1"]

1. c4 c5 2. Nc3 Nc6 3. g3 g6 4. Bg2 Bg7 5. Nf3 Nf6 6. a3 O-O 7. Rb1 d5 8. cxd5 Nxd5 9. O-O Bf5 10. Ra1 Nxc3 11. bxc3 Qd7 12. Re1 Bh3 13. Bh1 e5 14. Rb1 Rad8 15. Qa4 Rfe8 16. Ng5 Bf5 17. e4 Bg4 18. Qb3 b6 19. Bg2 h6 20. Nf3 Na5 21. Qb5 Qxb5 22. Rxb5 Rd3 23. Nh4 Bd7 24. Rb1 Be6 25. Bf1 Rd6 26. d3 Bg4 27. f3 Bc8 28. Ng2 Ba6 29. c4 Nc6 30. Ne3 Nd4 31. Kf2 Bb7 32. a4 f5 33. a5 fxe4 34. fxe4 Rf8+ 35. Kg2 Rdf6 36. Ng4 Rd6 37. Bxh6 Bxh6 38. Nxh6+ Kg7 39. Ng4 Re8 40. axb6 axb6 41. Rb2 Bc8 42. Ne3 Bb7 43. Reb1 Ree6 44. Ng4 Bc8 45. Ne3 Bb7 46. Kh1 Nf3 47. Bh3 Rxd3 48. Nd5 Bxd5 49. exd5 Rd6 50. Rxb6 Rxb6 51. Rxb6 Rd2 52. Rb7+ Kf8 53. Rb8+ Ke7 54. Rb7+ Kf6 55. Rb6+ Kg5 56. Bg2 Rd1+ 57. Bf1 Rxf1+ 58. Kg2 Nd2 59. h4+ Kh6 60. Rb5 e4 61. d6 Rf6 62. Rxc5 Rxd6 63. Rd5 Rxd5 64. cxd5 e3 65. g4 Nc4 66. Kf1 Kg7 67. Ke2 Kf6 68. h5 gxh5 69. gxh5 Kg5 70. d6 Nxd6 71. Kxe3 Kxh5 1/2-1/2

[Event "Montreal Mercredi 11"]
[Site "Montreal CAN"]
[Date "2012.12.12"]
[Round "5"]
[White "Cote, Philippe"]
[Black "Nardone, Raul"]
[Result "1-0"]
[WhiteElo "1760"]
[BlackElo "1817"]
[PlyCount "54"]
[GameId "2160767909411504"]
[EventDate "2012.11.14"]
[EventType "swiss"]
[EventRounds "5"]
[EventCountry "CAN"]
[SourceTitle "EXT 2022"]
[Source "ChessBase"]
[SourceDate "2021.10.06"]
[SourceVersion "1"]
[SourceVersionDate "2021.10.06"]
[SourceQuality "1"]

1. e4 c5 2. Nf3 e6 3. d3 Nc6 4. Nbd2 g6 5. g3 Bg7 6. Bg2 Nge7 7. O-O O-O 8. Re1 d6 9. a4 Rb8 10. c3 b5 11. axb5 Rxb5 12. Qe2 Rb8 13. Nf1 Qb6 14. Ne3 d5 15. e5 Ba6 16. Ng4 Kh8 17. h4 d4 18. c4 Bc8 19. h5 gxh5 20. Nf6 Ng6 21. Nxh5 Bxe5 22. Nxe5 Ncxe5 23. Nf6 Nd7 24. Bg5 Nxf6 25. Bxf6+ Kg8 26. Qh5 e5 27. Bxe5 f6 1-0

[Event "Montreal Mercredi 11"]
[Site "Montreal CAN"]
[Date "2012.12.12"]
[Round "5"]
[White "Gates, Claude-Eric"]
[Black "Leung, Chin"]
[Result "1/2-1/2"]
[WhiteElo "1677"]
[BlackElo "1718"]
[PlyCount "81"]
[GameId "2160767909411505"]
[EventDate "2012.11.14"]
[EventType "swiss"]
[EventRounds "5"]
[EventCountry "CAN"]
[SourceTitle "EXT 2022"]
[Source "ChessBase"]
[SourceDate "2021.10.06"]
[SourceVersion "1"]
[SourceVersionDate "2021.10.06"]
[SourceQuality "1"]

1. d4 c5 2. c3 b6 3. Bf4 Nf6 4. e3 g6 5. Nf3 Bg7 6. Be2 O-O 7. h3 Ba6 8. O-O d6 9. Nbd2 Qc8 10. Re1 Nc6 11. Rc1 d5 12. Ne5 Bxe2 13. Qxe2 Nh5 14. Nxc6 Qxc6 15. Bh2 f5 16. dxc5 bxc5 17. Red1 e5 18. b4 c4 19. Nf3 f4 20. exf4 Nxf4 21. Bxf4 Rxf4 22. Rc2 Re4 23. Qd2 Rd8 24. Qc1 Rc8 25. Qb1 Rf4 26. Qc1 Rcf8 27. Qe3 d4 28. cxd4 Rxf3 29. gxf3 Rxf3 30. d5 Qf6 31. Qe4 Rf4 32. Qe3 Qf5 33. Rc3 Bh6 34. Qg3 Bg5 35. f3 Rh4 36. Kg2 Rf4 37. d6 Bh4 38. Qh2 e4 39. d7 exf3+ 40. Kf1 Bd8 41. Qg3 1/2-1/2

[Event "Montreal Mercredi 11"]
[Site "Montreal CAN"]
[Date "2012.12.12"]
[Round "5"]
[White "Heredia, Jose"]
[Black "Barko, Maxim"]
[Result "0-1"]
[WhiteElo "1764"]
[BlackElo "1734"]
[PlyCount "62"]
[GameId "2160767909411506"]
[EventDate "2012.11.14"]
[EventType "swiss"]
[EventRounds "5"]
[EventCountry "CAN"]
[SourceTitle "EXT 2022"]
[Source "ChessBase"]
[SourceDate "2021.10.06"]
[SourceVersion "1"]
[SourceVersionDate "2021.10.06"]
[SourceQuality "1"]

1. e4 e6 2. d3 c5 3. Nf3 Nc6 4. g3 g6 5. Bg2 Bg7 6. Nc3 Nge7 7. O-O O-O 8. Be3 Nd4 9. Qd2 Re8 10. Bh6 Rb8 11. h4 d5 12. exd5 exd5 13. Nxd4 Bxd4 14. Qg5 Be6 15. Ne2 Bh8 16. h5 Nf5 17. hxg6 hxg6 18. Bf3 Bf6 19. Qd2 g5 20. Bxg5 Bxg5 21. Qc3 Rc8 22. Kg2 d4 23. Qa3 Bd5 24. Ng1 Qd6 25. Rfe1 Be3 26. Bxd5 Bxf2 27. Rxe8+ Rxe8 28. Bxf7+ Kxf7 29. Qb3+ Kf6 30. Kf1 Qxg3 31. Ne2 Ne3# 0-1

[Event "Montreal Mercredi 11"]
[Site "Montreal CAN"]
[Date "2012.12.12"]
[Round "5"]
[White "Levkovsky, Alexandre"]
[Black "Boudreau, Daniel"]
[Result "1/2-1/2"]
[WhiteElo "2272"]
[BlackElo "2037"]
[PlyCount "49"]
[GameId "2160767909411507"]
[EventDate "2012.11.14"]
[EventType "swiss"]
[EventRounds "5"]
[EventCountry "CAN"]
[SourceTitle "EXT 2022"]
[Source "ChessBase"]
[SourceDate "2021.10.06"]
[SourceVersion "1"]
[SourceVersionDate "2021.10.06"]
[SourceQuality "1"]

1. e4 c5 2. Nf3 e6 3. d4 cxd4 4. Nxd4 Nc6 5. Be3 a6 6. g3 Qc7 7. Bg2 b5 8. O-O Bb7 9. a4 Nxd4 10. Qxd4 Nf6 11. axb5 axb5 12. Nc3 Qc6 13. Rxa8+ Bxa8 14. Ra1 Be7 15. Nxb5 O-O 16. c4 Ng4 17. Na7 Qc7 18. Nb5 Qc6 19. Na7 Qc7 20. Qb6 Qxc4 21. Rc1 Qe2 22. Bf1 Qf3 23. Bg2 Qe2 24. Bf1 Qf3 25. Bg2 1/2-1/2

[Event "Montreal Mercredi 11"]
[Site "Montreal CAN"]
[Date "2012.12.12"]
[Round "5"]
[White "Lopez Linares, Lizandro"]
[Black "Chiku-Ratte, Olivier-Kenta"]
[Result "0-1"]
[WhiteElo "2081"]
[BlackElo "2204"]
[PlyCount "58"]
[GameId "2160767909411508"]
[EventDate "2012.11.14"]
[EventType "swiss"]
[EventRounds "5"]
[EventCountry "CAN"]
[SourceTitle "EXT 2022"]
[Source "ChessBase"]
[SourceDate "2021.10.06"]
[SourceVersion "1"]
[SourceVersionDate "2021.10.06"]
[SourceQuality "1"]

1. d4 Nf6 2. Nf3 c5 3. e3 b6 4. c4 Bb7 5. Nc3 g6 6. Bd3 Bg7 7. O-O O-O 8. Qe2 cxd4 9. exd4 d5 10. Rd1 Nc6 11. Bg5 Nb4 12. Bb1 dxc4 13. Qxc4 Nbd5 14. Ne2 Rc8 15. Qb3 Qd6 16. a3 e6 17. Bd3 Ne7 18. Bf4 Qd7 19. Ne5 Qd5 20. Qxd5 Nfxd5 21. Be3 Rfd8 22. Nf3 Nxe3 23. fxe3 Bh6 24. Kf2 Nd5 25. e4 Ne3 26. h3 Nxd1+ 27. Rxd1 f5 28. exf5 exf5 29. Ne5 Bg7 0-1

[Event "Montreal Mercredi 11"]
[Site "Montreal CAN"]
[Date "2012.12.12"]
[Round "5"]
[White "Ostaci, Liviu"]
[Black "Cardin, Guillaume"]
[Result "1/2-1/2"]
[WhiteElo "1893"]
[BlackElo "2034"]
[PlyCount "126"]
[GameId "2160767909411509"]
[EventDate "2012.11.14"]
[EventType "swiss"]
[EventRounds "5"]
[EventCountry "CAN"]
[SourceTitle "EXT 2022"]
[Source "ChessBase"]
[SourceDate "2021.10.06"]
[SourceVersion "1"]
[SourceVersionDate "2021.10.06"]
[SourceQuality "1"]

1. d4 f5 2. Bg5 d5 3. e3 Nf6 4. Bxf6 exf6 5. Bd3 Be6 6. Nf3 Nc6 7. c3 Qd7 8. O-O O-O-O 9. Qc2 h5 10. Nbd2 h4 11. Nb3 g5 12. Nc5 Bxc5 13. dxc5 g4 14. Nd4 Nxd4 15. cxd4 g3 16. f4 h3 17. hxg3 Rdg8 18. Rf3 Qh7 19. gxh3 Qxh3 20. Qg2 Qg4 21. Rff1 Rh3 22. Be2 Qxg3 23. Qxg3 Rgxg3+ 24. Kf2 Rxe3 25. Rh1 Rxh1 26. Rxh1 Re4 27. Rh6 Rxf4+ 28. Ke3 Re4+ 29. Kd3 Bd7 30. Rh8+ Re8 31. Rxe8+ Bxe8 32. Ke3 Bd7 33. Kf4 Kd8 34. Bf3 Be6 35. b4 b6 36. Be2 Ke7 37. Bd3 Kf7 38. Be2 a5 39. b5 bxc5 40. dxc5 Ke7 41. a3 d4 42. Bd3 Kd7 43. Be2 Ke7 44. Bd3 Bd7 45. Be2 Bc8 46. Bc4 Be6 47. Be2 Bd7 48. Bf1 Be6 49. Bg2 Bc4 50. b6 cxb6 51. cxb6 Kd7 52. Kxf5 d3 53. Kxf6 d2 54. Bf3 Bd5 55. Bd1 Kc6 56. Ke5 Kc5 57. Be2 Bb7 58. Bd1 Kxb6 59. Kd4 Kb5 60. Kd3 Kc5 61. Kc3 Bd5 62. Be2 Bc4 63. Bd1 Bd5 1/2-1/2

[Event "Montreal Mercredi 11"]
[Site "Montreal CAN"]
[Date "2012.12.12"]
[Round "5"]
[White "Rondon, Luciano"]
[Black "Brodie, Hugh"]
[Result "0-1"]
[WhiteElo "1945"]
[BlackElo "1861"]
[PlyCount "66"]
[GameId "2160767909411510"]
[EventDate "2012.11.14"]
[EventType "swiss"]
[EventRounds "5"]
[EventCountry "CAN"]
[SourceTitle "EXT 2022"]
[Source "ChessBase"]
[SourceDate "2021.10.06"]
[SourceVersion "1"]
[SourceVersionDate "2021.10.06"]
[SourceQuality "1"]

1. d4 e6 2. c4 f5 3. Nf3 Nf6 4. Bg5 Bb4+ 5. Nbd2 b6 6. a3 Bxd2+ 7. Nxd2 Bb7 8. Nf3 d6 9. e3 Nbd7 10. d5 e5 11. Qc2 h6 12. Qxf5 hxg5 13. Nxg5 Qe7 14. Qg6+ Kf8 15. h4 Kg8 16. Be2 Nf8 17. Qc2 Bc8 18. Bd3 a5 19. O-O-O Bd7 20. f3 N6h7 21. Kb1 Nxg5 22. hxg5 Rxh1 23. Rxh1 Qxg5 24. f4 exf4 25. exf4 Qf6 26. f5 Re8 27. g4 Nh7 28. Qh2 Ng5 29. Qh8+ Kf7 30. Qh5+ Ke7 31. Re1+ Kd8 32. Re6 Bxe6 33. fxe6 Qh6 0-1

[Event "Montreal op"]
[Site "Montreal CAN"]
[Date "2012.09.07"]
[Round "1"]
[White "Beaulieu, Pierre"]
[Black "Libersan, Thierry"]
[Result "0-1"]
[WhiteElo "1806"]
[BlackElo "2057"]
[PlyCount "82"]
[GameId "2160767909445235"]
[EventDate "2012.09.07"]
[EventType "swiss"]
[EventRounds "5"]
[EventCountry "CAN"]
[SourceTitle "EXT 2013"]
[Source "ChessBase"]
[SourceDate "2012.11.22"]
[SourceVersion "1"]
[SourceVersionDate "2012.11.22"]
[SourceQuality "1"]

1. b3 e5 2. Bb2 Nc6 3. e3 Nf6 4. Bb5 Bd6 5. Nc3 a6 6. Bxc6 dxc6 7. Nge2 O-O 8. Ng3 Re8 9. f3 c5 10. Qe2 b5 11. a4 b4 12. Nce4 Nxe4 13. fxe4 g6 14. O-O-O Qh4 15. Rdf1 Be6 16. d3 Rf8 17. Qf3 f6 18. h3 Rf7 19. Ne2 Raf8 20. g4 h6 21. d4 Kh7 22. d5 Bc8 23. Qg3 Qxg3 24. Nxg3 a5 25. c4 bxc3 26. Bxc3 Ba6 27. Rf2 c4 28. bxc4 Bxc4 29. Kc2 Rb8 30. Rb1 Bd3+ 31. Kxd3 Rxb1 32. Bxa5 Ra1 33. h4 Rxa4 34. Be1 Ra1 35. Rf1 Rf8 36. h5 Rb8 37. Ke2 Rb2+ 38. Kf3 Bc5 39. hxg6+ Kxg6 40. Rh1 Rbb1 41. Nf5 Rxe1 0-1

[Event "Montreal op"]
[Site "Montreal CAN"]
[Date "2012.09.07"]
[Round "1"]
[White "Bouchard, Jean-Marc"]
[Black "Enkh-Amar, Galbadrakh"]
[Result "0-1"]
[WhiteElo "2000"]
[BlackElo "2169"]
[PlyCount "62"]
[GameId "2160767909445236"]
[EventDate "2012.09.07"]
[EventType "swiss"]
[EventRounds "5"]
[EventCountry "CAN"]
[SourceTitle "hb 2012"]

1. b3 d5 2. Bb2 Nf6 3. e3 e6 4. f4 b6 5. Nf3 Bb7 6. Ne5 Be7 7. Bd3 a6 8. O-O Nbd7 9. f5 Nxe5 10. Bxe5 Bd6 11. Bxd6 Qxd6 12. fxe6 Qxe6 13. Nc3 O-O 14. Ne2 c5 15. Qe1 Rad8 16. Bf5 Qe5 17. Qh4 d4 18. Rae1 dxe3 19. d3 g6 20. Ng3 Kg7 21. Rf4 Rd4 22. Be4 Nxe4 23. Rxe3 g5 24. Qg4 Kh8 25. Rf5 Nxg3 26. Rfxe5 Rxg4 27. hxg3 Kg7 28. Re7 Ba8 29. Kf2 h5 30. R3e6 h4 31. Rxb6 Rxg3 0-1

[Event "Montreal op"]
[Site "Montreal CAN"]
[Date "2012.09.07"]
[Round "1"]
[White "Chiku-Ratte, Olivier-Kenta"]
[Black "Bleau, John"]
[Result "1-0"]
[WhiteElo "2112"]
[BlackElo "1978"]
[PlyCount "83"]
[GameId "2160767909445237"]
[EventDate "2012.09.07"]
[EventType "swiss"]
[EventRounds "5"]
[EventCountry "CAN"]

1. d4 Nf6 2. c4 e6 3. Nc3 c5 4. d5 exd5 5. cxd5 Bd6 6. e4 Bc7 7. Nf3 d6 8. Be2 O-O 9. O-O Re8 10. Nd2 Ba5 11. f3 a6 12. a4 Qe7 13. Nc4 Bc7 14. e5 Nfd7 15. Bf4 dxe5 16. d6 Bxd6 17. Nxd6 exf4 18. Nxe8 Qxe8 19. Nd5 Nc6 20. Bc4 Nde5 21. Nc7 Qe7 22. Bxf7+ Qxf7 23. Nxa8 Nc4 24. Re1 Nd4 25. Rc1 Be6 26. Qd3 Nxb2 27. Qe4 Nxa4 28. Nc7 Qxc7 29. Qxd4 Qd7 30. Qxf4 h6 31. Rcd1 Qc6 32. Rxe6 Qxe6 33. Qxa4 b5 34. Rd8+ Kh7 35. Qe4+ Qxe4 36. fxe4 b4 37. Kf2 c4 38. Ke3 a5 39. Ra8 b3 40. Rxa5 c3 41. Kd3 c2 42. Kd2 1-0

[Event "Montreal op"]
[Site "Montreal CAN"]
[Date "2012.09.07"]
[Round "1"]
[White "Desjardins, Michel"]
[Black "Hambleton, Aman"]
[Result "0-1"]
[WhiteElo "1996"]
[BlackElo "2293"]
[PlyCount "44"]
[GameId "2160767909445238"]
[EventDate "2012.09.07"]
[EventType "swiss"]
[EventRounds "5"]
[EventCountry "CAN"]
[SourceTitle "EXT 2013"]
[Source "ChessBase"]
[SourceDate "2012.11.22"]
[SourceVersion "1"]
[SourceVersionDate "2012.11.22"]
[SourceQuality "1"]

1. e4 e6 2. d4 d5 3. e5 c5 4. c3 Nc6 5. Nf3 Nh6 6. a3 f6 7. b4 Nf7 8. b5 Ne7 9. Bd3 Ng6 10. exf6 Qxf6 11. O-O Bd7 12. a4 Bd6 13. dxc5 Bxc5 14. Ba3 Rc8 15. Bxc5 Rxc5 16. Bxg6 hxg6 17. Qd4 b6 18. Re1 O-O 19. Qxf6 gxf6 20. Ra3 Rfc8 21. Rc1 e5 22. Nbd2 Nd6 0-1

[Event "Montreal op"]
[Site "Montreal CAN"]
[Date "2012.09.07"]
[Round "1"]
[White "Forget, Luc"]
[Black "Sturt, Raven"]
[Result "0-1"]
[WhiteElo "2005"]
[BlackElo "2277"]
[PlyCount "86"]
[GameId "2160767909445239"]
[EventDate "2012.09.07"]
[EventType "swiss"]
[EventRounds "5"]
[EventCountry "CAN"]
[SourceTitle "EXT 2013"]
[Source "ChessBase"]
[SourceDate "2012.11.22"]
[SourceVersion "1"]
[SourceVersionDate "2012.11.22"]
[SourceQuality "1"]

1. d4 d5 2. c4 c6 3. Nf3 Nf6 4. Nc3 dxc4 5. a4 Bf5 6. e3 e6 7. Bxc4 Bb4 8. O-O Nbd7 9. Qe2 Bg6 10. Rd1 O-O 11. Bd2 Qe7 12. Rac1 Rfd8 13. h3 e5 14. d5 Nb6 15. dxc6 bxc6 16. b3 Nxc4 17. Qxc4 Bd3 18. Qh4 Rab8 19. Nb1 Bd6 20. Ba5 Bc7 21. Bxc7 Qxc7 22. Rc3 Be4 23. Rdc1 Bd5 24. Nbd2 Re8 25. b4 Qe7 26. b5 cxb5 27. axb5 Rxb5 28. Rc7 Qa3 29. Rc8 Rb8 30. Rxe8+ Rxe8 31. Rb1 a5 32. Qg5 Qd6 33. Qf5 a4 34. Qc2 a3 35. Ra1 Qb4 36. Rb1 Qa5 37. Nc4 Qc5 38. Nfxe5 Be4 39. Nd3 a2 40. Nxc5 axb1=Q+ 41. Qxb1 Bxb1 42. Nd2 Bc2 43. Nf3 Ne4 0-1

[Event "Montreal op"]
[Site "Montreal CAN"]
[Date "2012.09.07"]
[Round "1"]
[White "Gagnon, Serge"]
[Black "Jiang, Louie"]
[Result "0-1"]
[WhiteElo "2029"]
[BlackElo "2338"]
[PlyCount "56"]
[GameId "2160767909445240"]
[EventDate "2012.09.07"]
[EventType "swiss"]
[EventRounds "5"]
[EventCountry "CAN"]
[SourceTitle "EXT 2013"]
[Source "ChessBase"]
[SourceDate "2012.11.22"]
[SourceVersion "1"]
[SourceVersionDate "2012.11.22"]
[SourceQuality "1"]

1. d4 Nf6 2. c4 e6 3. Nc3 Bb4 4. e3 Ne4 5. Qc2 f5 6. a3 Bxc3+ 7. bxc3 b6 8. Ne2 Bb7 9. f3 Qh4+ 10. g3 Qe7 11. Bg2 Nd6 12. c5 bxc5 13. O-O O-O 14. a4 Nc4 15. Nf4 Ba6 16. Nd3 cxd4 17. exd4 Na5 18. Ba3 d6 19. Rfe1 Qd7 20. f4 c6 21. Nb4 Bc4 22. Rab1 Na6 23. Bf1 Nc7 24. Nd3 Ba6 25. Bb4 Nc4 26. Qa2 Rfb8 27. Kf2 Nd5 28. Nb2 c5 0-1

[Event "Montreal op"]
[Site "Montreal CAN"]
[Date "2012.09.07"]
[Round "1"]
[White "Hebert, Jean"]
[Black "Cloutier, Mathieu"]
[Result "1-0"]
[WhiteElo "2424"]
[BlackElo "2059"]
[PlyCount "105"]
[GameId "2160767909445241"]
[EventDate "2012.09.07"]
[EventType "swiss"]
[EventRounds "5"]
[EventCountry "CAN"]

1. Nf3 c5 2. c4 g6 3. d4 cxd4 4. Nxd4 Bg7 5. e4 Nc6 6. Nc2 Nf6 7. Nc3 O-O 8. Be2 d6 9. O-O Bd7 10. Bd2 a6 11. a4 Rc8 12. b3 Ne5 13. Ne3 h5 14. h3 Bc6 15. f3 Ned7 16. a5 Nc5 17. b4 Ne6 18. Ned5 Nd7 19. Rc1 Nc7 20. Nxc7 Qxc7 21. b5 axb5 22. cxb5 Qxa5 23. bxc6 bxc6 24. Kh1 Qd8 25. Qe1 Nc5 26. Be3 Nb3 27. Rb1 Nd4 28. Bxd4 Bxd4 29. Qd2 Bg7 30. Na2 Rb8 31. Rxb8 Qxb8 32. Nb4 Qb6 33. Rc1 Qa5 34. Qe1 Rc8 35. Na6 Qg5 36. Nb4 Qa5 37. Nd3 Qa3 38. Rb1 Ra8 39. Qd1 c5 40. Nf4 Qa2 41. Nd5 e6 42. Ne3 Qxb1 43. Qxb1 Ra1 44. Qxa1 Bxa1 45. Nc4 Be5 46. Nxe5 dxe5 47. h4 f5 48. Kg1 Kf7 49. Kf2 f4 50. Bc4 Kf6 51. Ke2 g5 52. hxg5+ Kxg5 53. Bxe6 1-0

[Event "Montreal op"]
[Site "Montreal CAN"]
[Date "2012.09.07"]
[Round "1"]
[White "Ibrahim, Anthony"]
[Black "Ramaswamy, Kiran"]
[Result "1-0"]
[WhiteElo "2215"]
[BlackElo "2006"]
[PlyCount "63"]
[GameId "2160767909445242"]
[EventDate "2012.09.07"]
[EventType "swiss"]
[EventRounds "5"]
[EventCountry "CAN"]
[SourceTitle "hb 2012"]

1. e4 c5 2. Nf3 Nc6 3. Bb5 g6 4. O-O Bg7 5. c3 d6 6. d4 cxd4 7. cxd4 Bd7 8. Nc3 Nf6 9. Re1 O-O 10. h3 Rc8 11. Bg5 Na5 12. e5 Bxb5 13. Nxb5 a6 14. Nc3 dxe5 15. dxe5 Nd7 16. Qe2 Nc6 17. Rad1 Qe8 18. Nd5 h6 19. e6 Nf6 20. Bxf6 Bxf6 21. Nxf6+ exf6 22. e7 Nxe7 23. Qxe7 Qa4 24. Qxf6 Qxa2 25. Rd7 Rc6 26. Qd4 b5 27. Ne5 Re6 28. Re3 Qb1+ 29. Kh2 Qf5 30. Nxf7 Rxf7 31. Rd8+ Rf8 32. Rf3 1-0

[Event "Montreal op"]
[Site "Montreal CAN"]
[Date "2012.09.07"]
[Round "1"]
[White "Kleinman, Michael"]
[Black "Wu, Qiyou"]
[Result "1-0"]
[WhiteElo "2394"]
[BlackElo "2043"]
[PlyCount "79"]
[GameId "2160767909445243"]
[EventDate "2012.09.07"]
[EventType "swiss"]
[EventRounds "5"]
[EventCountry "CAN"]

1. e4 c5 2. Nf3 d6 3. d4 cxd4 4. Qxd4 Nc6 5. Bb5 Bd7 6. Qd3 Nf6 7. Bg5 e6 8. Nc3 a6 9. Bxc6 Bxc6 10. O-O-O Be7 11. Nd4 Qc7 12. f4 O-O 13. Kb1 b5 14. Bxf6 Bxf6 15. Nxc6 Qxc6 16. Qxd6 Qxd6 17. Rxd6 Bxc3 18. bxc3 Rfc8 19. Rhd1 g6 20. Kb2 Kg7 21. R1d4 Rc5 22. g3 a5 23. Rd8 Ra7 24. R8d7 Ra8 25. Rd8 Ra7 26. R4d7 Ra6 27. Rd6 Ra7 28. R8d7 Ra8 29. Rxe6 Rac8 30. Re5 Rxc3 31. Rd2 R8c5 32. Rxc5 Rxc5 33. Rd5 Rc4 34. Rxb5 Rxe4 35. Rxa5 Re2 36. h4 Rg2 37. Ra3 Kf6 38. Rd3 Kf5 39. a4 Kg4 40. a5 1-0

[Event "Montreal op"]
[Site "Montreal CAN"]
[Date "2012.09.07"]
[Round "1"]
[White "Kraiouchkine, Nikita"]
[Black "Zhang, Yuanchen"]
[Result "1-0"]
[WhiteElo "2240"]
[BlackElo "1935"]
[PlyCount "101"]
[GameId "2160767909445244"]
[EventDate "2012.09.07"]
[EventType "swiss"]
[EventRounds "5"]
[EventCountry "CAN"]
[SourceTitle "EXT 2013"]
[Source "ChessBase"]
[SourceDate "2012.11.22"]
[SourceVersion "1"]
[SourceVersionDate "2012.11.22"]
[SourceQuality "1"]

1. e4 c5 2. Nf3 e6 3. d4 cxd4 4. Nxd4 Nf6 5. Nc3 Nc6 6. Ndb5 Bb4 7. a3 Bxc3+ 8. Nxc3 d5 9. exd5 exd5 10. Bd3 O-O 11. O-O d4 12. Ne2 Re8 13. Bg5 h6 14. Bh4 a5 15. Bb5 Bg4 16. f3 Qb6 17. Bxc6 d3+ 18. Nd4 bxc6 19. Bf2 Bh5 20. Qxd3 Bg6 21. Qc4 Qa6 22. Qxa6 Rxa6 23. b4 axb4 24. axb4 Rea8 25. Rxa6 Rxa6 26. c4 Bd3 27. Rc1 Bxc4 28. Rxc4 Ra1+ 29. Be1 Rxe1+ 30. Kf2 Rb1 31. Nxc6 Rb2+ 32. Ke3 Rxg2 33. Ne7+ Kh7 34. h3 Rg1 35. Kd4 Rd1+ 36. Kc5 Rd3 37. Rd4 Nd7+ 38. Kc4 Ne5+ 39. Kd5 Re3 40. Re4 Rxe4 41. fxe4 Nd7 42. b5 Nb6+ 43. Kc6 Na4 44. Nd5 g5 45. Nc3 Nb2 46. Kd5 Nd3 47. Kd4 Nf4 48. Ke5 Ne6 49. Kf6 h5 50. b6 Nc5 51. Kxg5 1-0

[Event "Montreal op"]
[Site "Montreal CAN"]
[Date "2012.09.07"]
[Round "1"]
[White "Le Duin, Thierry"]
[Black "Bolduc, Steve"]
[Result "0-1"]
[WhiteElo "2030"]
[BlackElo "2221"]
[PlyCount "80"]
[GameId "2160767909445245"]
[EventDate "2012.09.07"]
[EventType "swiss"]
[EventRounds "5"]
[EventCountry "CAN"]
[SourceTitle "hb 2012"]

1. d4 Nf6 2. Nf3 g6 3. c4 Bg7 4. Nc3 O-O 5. Bg5 d6 6. e3 c6 7. Be2 a6 8. O-O b5 9. a3 Nbd7 10. Rc1 Rb8 11. b4 Nb6 12. c5 Nc4 13. Bxc4 bxc4 14. e4 a5 15. Rb1 Be6 16. Re1 h6 17. Bd2 Bg4 18. Be3 Nd7 19. Qd2 Kh7 20. Rec1 f5 21. exf5 Bxf5 22. Rb2 dxc5 23. dxc5 e5 24. Kh1 Qe7 25. Qd6 Qxd6 26. cxd6 Rf6 27. Nd1 Rxd6 28. Rd2 Rxd2 29. Bxd2 axb4 30. axb4 Bd3 31. Ne1 Nf6 32. Nxd3 cxd3 33. Rxc6 Ne4 34. Bc3 Nxc3 35. Rxc3 e4 36. Rc4 Ra8 37. Rc1 Ra2 38. Rb1 Rc2 39. Ne3 Rxf2 40. b5 Re2 0-1

[Event "Montreal op"]
[Site "Montreal CAN"]
[Date "2012.09.07"]
[Round "1"]
[White "Lepine, Cedric"]
[Black "Kovalyov, Anton"]
[Result "0-1"]
[WhiteElo "2062"]
[BlackElo "2593"]
[PlyCount "72"]
[GameId "2160767909445246"]
[EventDate "2012.09.07"]
[EventType "swiss"]
[EventRounds "5"]
[EventCountry "CAN"]

1. d4 Nf6 2. c4 e6 3. Nc3 Bb4 4. a3 Bxc3+ 5. bxc3 c5 6. e3 Nc6 7. Bd3 O-O 8. Ne2 b6 9. O-O Ba6 10. e4 Ne8 11. f4 f5 12. e5 Na5 13. dxc5 bxc5 14. Be3 Qc7 15. Qa4 d5 16. exd6 Nxd6 17. Rfd1 Bxc4 18. Nc1 Rab8 19. Rb1 Rxb1 20. Bxb1 Bb5 21. Qc2 Nac4 22. Qa2 Ba4 23. Re1 Rb8 24. Nd3 Bb3 25. Qe2 Ne4 26. Nc1 Nxc3 27. Qd3 Nd5 28. Nxb3 Ncxe3 29. Rxe3 c4 30. Qd4 Nxe3 31. Qxe3 Qb6 32. Nc5 Qxb1+ 33. Kf2 Qb6 34. Qxe6+ Qxe6 35. Nxe6 c3 36. Nd4 c2 0-1